| 000 | 00649nam a22002297a 4500 | ||
|---|---|---|---|
| 003 | UA-OsUOA | ||
| 001 | 38876 | ||
| 007 | ta | ||
| 008 | 20080228b un ||||| |||| 00| 0 ukr d | ||
| 100 | _aЛебединська Т. | ||
| 090 |
_a82(477) _bЛ33 |
||
| 942 | _cBK | ||
| 040 |
_aUA-OsUOA _bukr _cUA-OsUOA _dUA-OsUOA |
||
| 245 | _aПам'ятні місця Т.Г. Шевченка у Санкт-Петербурзі | ||
| 955 | _a4 | ||
| 041 | _aukr | ||
| 080 | _a82(477) | ||
| 260 |
_aК. _c1994 |
||
| 246 | 3 | 1 | _a(і російською мовою) |
| 650 | 7 |
_a82 Література. Літературознавство _2UDC |
|
| 999 |
_c437386 _d437386 |
||